Who Scored The Goal? (Turkiye) European Qualifiers 2026 - Statistics

General Stats
  • This quiz has been taken 30 times
    2 since last reset
  • The average score is 15 of 31
Answer Stats
Matches Scorer % Correct
Bulgaria - Turkiye11' 0-1 Arda Güler
100%
Kosovo - Turkiye53' 0-1 Kerem Aktürkoğlu
100%
Georgia - Turkiye3' 0-1 Mert Müldür
100%
Turkiye - Bulgaria83' 2-0 Atanas Chernev (OG)
50%
Spain - Turkiye42' 1-1 Deniz Gül
50%
Turkiye - Romania53' 1-0 Ferdi Kadıoğlu
50%
Turkiye - Spain53' 0-4 Ferran Torres
50%
Turkiye - Bulgaria18' 1-0 Hakan Çalhanoğlu
50%
Bulgaria - Turkiye90+3' 1-6 İrfan Can Kahveci
50%
Bulgaria - Turkiye51' 1-3 Kenan Yıldız
50%
Bulgaria - Turkiye56' 1-4 Kenan Yıldız
50%
Turkiye - Georgia14' 1-0 Kenan Yıldız
50%
Georgia - Turkiye41' 0-2 Kerem Aktürkoğlu
50%
Georgia - Turkiye52' 0-3 Kerem Aktürkoğlu
50%
Georgia - Turkiye90+8' 2-3 Khvicha Kvaratskhelia
50%
Turkiye - Georgia22' 2-0 Merih Demiral
50%
Turkiye - Georgia52' 4-0 Merih Demiral
50%
Turkiye - Spain22' 0-2 Mikel Merino
50%
Turkiye - Spain45+1' 0-3 Mikel Merino
50%
Turkiye - Spain58' 0-5 Mikel Merino
50%
Spain - Turkiye62' 2-2 Mikel Oyarzabal
50%
Turkiye - Spain6' 0-1 Pedri
50%
Turkiye - Spain62' 0-6 Pedri
50%
Spain - Turkiye54' 1-2 Salih Özcan
50%
Bulgaria - Turkiye49' 1-2 Victor Popov (OG)
50%
Turkiye - Georgia35' 3-0 Yunus Akgün
50%
Georgia - Turkiye63' 1-3 Zuriko Davitashvili
50%
Spain - Turkiye4' 1-0 Dani Olmo
0%
Turkiye - Georgia64' 4-1 Giorgi Kochorashvili
0%
Bulgaria - Turkiye13' 1-1 Radoslav Kirilov
0%
Bulgaria - Turkiye65' 1-5 Zeki Çelik
0%
No matching quizzes found
Score Distribution
Percent of People with Each Score
Percentile by Number Answered
Your Score History
You have not taken this quiz since the last reset